Χρηματοοικονομική / Ανάλυση και Εφαρμογές (Record no. 9721)
[ view plain ]
| 000 -LEADER | |
|---|---|
| fixed length control field | 01645cam a22001934a 4500 |
| 005 - ΗΜΕΡΟΜΗΝΙΑ ΚΑΙ ΩΡΑ ΤΕΛΕΥΤΑΙΑΣ ΕΝΗΜΕΡΩΣΗΣ | |
| Πεδίο ελέγχου | 20250605164407.0 |
| 008 - FIXED-LENGTH DATA ELEMENTS--GENERAL INFORMATION | |
| Πεδίο ελέγχου σταθερού μήκους | 250528s ||||||||||||||||||||||||d |
| 035 ## - SYSTEM CONTROL NUMBER | |
| System control number | 24886 |
| 020 ## - ISBN | |
| ISBN | 9789606330070 |
| 040 ## - ΠΗΓΗ ΚΑΤΑΛΟΓΟΓΡΑΦΗΣΗΣ | |
| Φορέας πρωτότυπης καταλογογράφησης | MC Athens Campus Library |
| Γλώσσα καταλογογράφησης | Ελληνικά, Μοντέρνα (1453-) |
| Modifying agency | MC Athens Campus Library |
| Κανόνες περιγραφικής καταλογογράφησης | AACR2 |
| 245 1# - ΤΙΤΛΟΣ ΚΑΙ ΔΗΛΩΣΗ ΥΠΕΥΘΥΝΟΤΗΤΑΣ | |
| Τίτλος | Χρηματοοικονομική / Ανάλυση και Εφαρμογές |
| 260 ## - PUBLICATION, DISTRIBUTION, ETC. | |
| Name of publisher, distributor, etc. | Σοφία, |
| Date of publication, distribution, etc. | 2019 |
| 300 ## - PHYSICAL DESCRIPTION | |
| Extent | 914 |
| 520 ## - SUMMARY, ETC. | |
| Summary, etc. | Χρηματοοικονικά Ιδρύματα και Αγορές και Προϊόντα, Προσδιορισμός Επιτοκίων και Οίκοι Αξιολόγησης, Χρονική Αξία Χρήματος, Χρηματοδότηση Μικρομεσαίων Επιχειρήσεων, Είδη και Τιμολόγηση και Απόδοση Ομολόγων, ΤαΑποτίμηση και Αξιολόγηση Μετοχών, Αξιολόγηση Κεφαλαιουχικών Επενδύσεων, Υπογισμός Ταμειακών Ροών και Εφαρμογές, Αποδόσεις και Τιμολόγηση Κινδύνου, Θεωρία και Εφαρμογές Χαρτοφυλακίου, Παράγωγα Προϊόντα και Είδη και Τιμολόγηση, Ανάλυση Χρηματοοικονομικών Καταστάσεων, Χρηματοοικονομική Κρίση: Ελλάδα και Κύπρος, Μη Εξυπηρετούμενα Δάνεια: Πλαίσιο Στήριξης Επισφαλών Δανειοληπτών, Παράρτημα Βιβλίου. |
| 700 1# - ΠΡΟΣΘΕΤΗ ΑΝΑΓΡΑΦΗ--ΦΥΣΙΚΟ ΠΡΟΣΩΠΟ | |
| Personal name | Θεοδοσίου Παναγιώτης |
| 9 (RLIN) | 9631 |
| 942 ## - ADDED ENTRY ELEMENTS (KOHA) | |
| Koha item type | Books |
| Τύπος τεκμηρίου | Βιβλιοθήκη | Τρέχουσα τοποθεσία | Barcode | Αριθμός εισαγωγής | Ημερομηνία απόκτησης | Ταξιθετικό σύμβολο | Αριθμός αντιτύπου | Κατάσταση απόσυρσης | Κατάσταση χαμένου | Κατάσταση κατεστραμμένου | Μη δανεισμός | Σύνολο δανεισμών | Ημερομηνία τελευταίας εμφάνισης | Η τιμή ισχύει από |
|---|---|---|---|---|---|---|---|---|---|---|---|---|---|---|
| Books | MC Athens Campus Library | MC Athens Campus Library | 9780000097200 | 7822 | 05/06/2025 | 657.95 THE | 1 | 05/06/2025 | 05/06/2025 |